El divorcio católico?: un sitio a la verdad
Gespeichert in:
| 1. Verfasser: | |
|---|---|
| Format: | Buch |
| Sprache: | Spanisch |
| Veröffentlicht: |
Palma de Mallorca
D. Gregorio Delgado del Río
1998
|
| Schlagworte: | |
| Tags: |
Tag hinzufügen
Keine Tags, Fügen Sie den ersten Tag hinzu!
|
MARC
| LEADER | 00000nam a2200000 a 4500 | ||
|---|---|---|---|
| 001 | UCM9286 | ||
| 003 | CL-VaPUC | ||
| 008 | 030417e19980000SP |||||||||||||||||spa|d | ||
| 082 | 0 | 4 | |a 262.933 |b DEL |2 21 |
| 100 | 0 | |a Delgado del Río, Gregorio |e author |9 475722 | |
| 245 | 1 | 3 | |a El divorcio católico?: un sitio a la verdad |
| 300 | |a 379 p | ||
| 942 | |c BK | ||
| 945 | |d 20030417 00:00:00 |a cmena | ||
| 260 | |a Palma de Mallorca |b D. Gregorio Delgado del Río |c 1998 | ||
| 650 | 0 | |a Matrimonio católico |9 475723 | |
| 650 | 7 | |a DERECHO CANONICO |2 CL-VaPUC |9 475724 | |
| 650 | 0 | |a Divorcio |9 256204 | |
| 583 | |a last modification |c 20030417 00:00:00 |k Rodrigo Vera | ||
| 999 | |c 303608 |d 303606 | ||
| 952 | |0 0 |1 0 |4 0 |6 262_933000000000000_DEL_1998 |7 0 |8 A |9 365069 |a BIBDER |b BIBDER |d 2019-11-21 |i 3897621 |o 262.933 DEL 1998 |p 3897621 |r 2023-01-25 |w 2019-11-21 |y BK |k DER | ||